Регионална библиотека "Любен Каравелов" - Русе

Богове, гробници и учени (Запис номер 56926)

MARC детайли
000 -Лидер
Контролно поле с фиксирана дължина 02026nam a2200397 c 4500
003 - Код на организацията, давaща контролен номер
Контролно поле BLK
005 - Дата и час на последна редакция
Контролно поле 20220928132139.0
008 - Елементи от данни с фиксирана дължина
fixed length control field 180408b bul|||||r ||||||| ||bul||
010 ## - Наследен системен номер
LC control number KNG00060913000
040 ## - Източник на каталожния запис
Идентификатор на билиотеката - собственик на записа BLK
041 ## - Код за език
Код за езика на текст/звукозапис или на отделно заглавие Български
Код за езика КДБФ Български
080 ## - УДК
Текстов определител УДК Археология. Праисторически паметници - вж 903
УДК код - определител по УДК 902
УДК определител
УДК - код + определител 902
080 ## - УДК
Текстов определител УДК Паметници на културата на историческите периоди. Археологическите паметници. Старини
УДК код - определител по УДК 904
УДК определител
УДК - код + определител 904
080 ## - УДК
Текстов определител УДК История на цивилизацията. История на културата
УДК код - определител по УДК 930.85
УДК определител
УДК - код + определител 930.85
080 ## - УДК
Текстов определител УДК Стара и антична история (общо)
УДК код - определител по УДК 931/939
УДК определител
УДК - код + определител 931/939
100 1# - Редна дума - Автор
Автор Керам, Курт В.
Авторска отговорност първи автор
R(LIN) 78269
139 ## - Редно поле
Редна дума Керам, Курт В.
Авторски знак Кер - К 52
245 10 - Сведения за заглавието
Заглавие Богове, гробници и учени
Подзаглавни данни Роман за археологията
Редно поле (дума) Курт В. Керам; прев. от нем. Христо Ковачевски; предг. от Велизар Велков.
250 ## - Област на изданието
Сведения за изданието 3. изд
257 ## - Страна на издаване
Страна на създаване/издаване Германия
260 ## - Област на издателските данни
-- София
Име на издателя, разпространителя и проч. Бълг. художник
Година на издаване 1988
300 ## - Физическа характеристика
Страници 527 с.
Илюстрации и др. с ил.
Размери/Мащаб 24 см
380 ## - Жанр
Жанр История
500 ## - Общи забележки
Забележка Ориг. загл. Gotter, Graber und Gelehrte / C. W. Ceram. - Истинското име на авт. е Курт В. Марек. - 1 изд. 1968. - Библиогр. с. 496-500 ; Азб. показалец
650 #4 - Допълнително описание по предмет – тема
Основно описание – тема или топоним Археология
9 (RLIN) 147536
650 #4 - Допълнително описание по предмет – тема
Основно описание – тема или топоним Археологически паметници
9 (RLIN) 243363
653 ## - Ключова дума – ненормативна
Ключова дума археология
653 ## - Ключова дума – ненормативна
Ключова дума археологически паметници
700 1# - Други автори (авторска отговорност)
Лично име Ковачевски, Христо
Автороска отговорност (Описва отношението между автора и произведението) прев. от нем.
9 (RLIN) 369397
700 1# - Други автори (авторска отговорност)
Лично име Велков, Велизар
Автороска отговорност (Описва отношението между автора и произведението) предг. от
9 (RLIN) 369391
852 ## - Местоположение
Форматна сигнатура Цб 156058
856 4# - Електронен адрес и достъп
Електронен формат pdf - файл
Път до файла /url/
856 4# - Електронен адрес и достъп
Електронен формат pdf - файл
Път до файла /url/
942 ## - АРТИКУЛИ
Вид на библиотечния материал Книги
Скрит в OPAC Не
Koha issues (borrowed), all copies 2
944 ## - СЪЗДАВАНЕ И РЕДАКЦИЯ на ЗАПИСА
Създаване/Редакция Създаване
Дата на регистрацията/редакция 13.06.2004
Статус, дата на статуса ф /
Служител, извършил регистрацията/редакцията Милена_Ачева
944 ## - СЪЗДАВАНЕ И РЕДАКЦИЯ на ЗАПИСА
Създаване/Редакция Редакция
Дата на регистрацията/редакция 31.07.2017
Статус, дата на статуса ф /
Служител, извършил регистрацията/редакцията Людмила_Стоянова
999 ## - СИСТЕМНИ КОНТРОЛНИ НОМЕРА
Koha biblionumber 56926
Koha biblioitemnumber 56926
Наличности
Код за отписване Код за изгубен артикул Източник на класификационната схема Код за повреда Коз за рестрикции Код за отдаване Артикулен № Име на библиотеката - собственик Име на библиотеката, в която се намира в момента Статус (Текущо местоположение) Дата на вписване в системата Местоположение - отдел Цена в лева Инвентарен номер Систематично азбучна сигнатура Баркод Номер на екземпляра Цена в евро Служебна бележка Служебен тип на артикула
  Не е изгубен Universal Decimal Classification Не е повреден без рестрикции ползва се в читалня 91276 Регионална библиотека "Любен Каравелов" Русе Регионална библиотека "Любен Каравелов" Русе Хранилище 1988-01-01 Хранилище 5.40 511017 Цб 156058 120000511017 1 2.76 Дост: Dp Вид: Д N: стар фонд Дата: 01.01.1988 Книги
Изтеглен Не е изгубен Universal Decimal Classification Не е повреден без рестрикции заемане за дома 91277 Регионална библиотека "Любен Каравелов" Русе Регионална библиотека "Любен Каравелов" Русе Заемна - подръчен фонд 1988-01-01 Заемна - подръчен фонд 5.25 510022 П 902/К 52 120000510022 2 2.68 Дост: Pk Вид: Ф N: стар фонд Дата: 01.01.1988 Бележки инв. П2018 Книги
Изтеглен Не е изгубен Universal Decimal Classification Не е повреден без рестрикции заемане за дома 91278 Регионална библиотека "Любен Каравелов" Русе Регионална библиотека "Любен Каравелов" Русе Заемна - подръчен фонд 1988-01-01 Заемна - подръчен фонд 5.25 512374 П 902/К 52 512374 3 2.68 Дост: Pk Вид: Ф N: стар фонд Дата: 01.01.1988 Книги
Изтеглен Не е изгубен Universal Decimal Classification Не е повреден без рестрикции заемане за дома 91279 Регионална библиотека "Любен Каравелов" Русе Регионална библиотека "Любен Каравелов" Русе Заемна - подръчен фонд 1988-01-01 Заемна - подръчен фонд 5.40 634255 П 902/К 52 634255 4 2.76 Дост: Pk Вид: Ф N: стар фонд Дата: 01.01.1988 Дата инв: 16.02.2018 Бележки инв: П2018 Книги
Изтеглен Не е изгубен Universal Decimal Classification Не е повреден без рестрикции заемане за дома 91280 Регионална библиотека "Любен Каравелов" Русе Регионална библиотека "Любен Каравелов" Русе Заемна - подръчен фонд 1988-01-01 Заемна - подръчен фонд 5.25 641901 П 902/К 52 641901 5 2.68 Дост: Pk Вид: Ф N: стар фонд Дата: 01.01.1988 Книги
  Не е изгубен   Не е повреден без рестрикции заемане за дома 91281 Регионална библиотека "Любен Каравелов" Русе Регионална библиотека "Любен Каравелов" Русе Заемна - подръчен фонд 2017-06-23 Заемна - подръчен фонд 23.00 120000812735 П 902/К 52 120000812735 6 11.76 Дост: DA Вид: А N: 26 Дата: 23.06.2017 Дата инв: 07.02.2018 Бележки инв: П2018 Книги
Vip Innovations Ltd, Rousse, Bulgaria 2025